Indice del Archivo Militar del Estado de Jalisco /

Uloženo v:
Podrobná bibliografie
Korporace: Guadalajara. Ayuntamiento, Instituto Cultural Ignacio Dávila Garibi
Médium: Kniha
Jazyk:španělština
Témata:
Tagy: Přidat tag
Žádné tagy, Buďte první, kdo vytvoří štítek k tomuto záznamu!

MARC

LEADER 00000nam^a2200000^a^4500
001 000027578
005 20250521000000.0
009 20260310084815.725
037 |a Acervo ITESO - Biblioteca 
041 |a ESP 
082 |a 972. 0327235  |b AYU 
110 |a Guadalajara.  |b Ayuntamiento 
245 1 0 |a Indice del Archivo Militar del Estado de Jalisco /  |c Ayuntamiento de Guadalajara, Instituto Cultural Ignacio Dávila Garibi ; pról. de Rubén Gónzalez Orozco. 
264 |a Guadalajara, México :  |b Ayuntamiento de Guadalajara :  |b Instituto Cultural Ignacio Dávila Garibi,  |c 1990 
300 |a 75 p. 
336 |a texto  |b txt  |2 rdacontenido 
337 |a sin mediación  |b n  |2 rdamedio 
338 |a volumen  |b nc  |2 rdasoporte 
649 |a XX 
650 |a Jalisco -  |x Historia Militar -  |x Bibliografías 
650 |a Jalisco -  |x Historia Militar 
710 |a Instituto Cultural Ignacio Dávila Garibi 
910 |a Fondo General 
920 |a Impresos - Libros 
930 |a Colección General 
905 |a 101 
901 |a 0275780100  |b IT1  |c ACC  |i 027578  |u 20250521 
902 |a https://opac.biblio.iteso.mx/vufind/Record/000027578